Bryce Kline (UG)

N/A


Categories

Fine Arts - Classical Music02002073104.5001
Science - Other Science020120113124.0000
Philosophy0100109898.0001
Religion010010145145.0000
Science - Biology010010116116.0000
Science - Chemistry010010126126.0000
Science - Physics010010127127.0000
Fine Arts - Painting & Sculpture010010132132.0000
Fine Arts - Other Fine Arts000000.0000

Buzzes

Fine Arts - Classical Musicorgan1073
Philosophyparadoxes1098
Science - Other Scienceaccessibility10113
Science - Biologyallergy10116
Science - Chemistrynucleic acids10126
Science - Physicsratchets10127
Science - Physicswave equation0128
Science - Physicsvariations0129
Fine Arts - Other Fine Artssaris0130
Fine Arts - Painting & SculptureRussia10132